000 00461nam a2200181Ia 4500
001 16714
005 20260306170331.0
008 260306t1998||||xx |||||||||||||| ||und||
041 _aESP
082 _a349.7
_bC79
100 _aCordero Rodriguez, Luis
_eAUT
245 0 _aEl derecho de los obispos:
_bmanual canónico y pastoral
260 _c1998
300 _axiv, 183 páginas :
_c27 cm.
650 _aGEN
654 _aCDE
942 _cLIB
_dJUS
_fJUS
_2ddc
_n
999 _c16714
_d16714